000 01334nam a2200301 i 4500
001 59074
003 ES-MaACL
005 20250928105417.0
007 t|
008 031027s1901 sp |||| | spa d
080 _a625.1/.5(063)
080 _a621.3(063)
245 0 0 _aCongresos Internacionales de Ferrocarriles, tranvías y electricidad celebrados en París en el año de 1900 /
_cmemorias de los ingenieros de caminos, canales y puertos José Echegaray, Mariano Carderera, Alfredo Mendizábal, José Jimeno Lassala, Diego Mayoral.
260 _aMadrid :
_b[s.n.],
_c1901 (
_fEstab. Tip. Hijos de J.A. García)
300 _a357 p. ;
_c25 cm.
490 1 _aBiblioteca de la "Revista de obras públicas"
650 4 _aFerrocarriles-
_zCastilla-La Mancha.
_9158115
650 4 _aElectrotecnia.
_912169
650 4 _aTranvías.
_9136944
700 1 _aEchegaray, José,
_d1832-1916
_946526
700 1 _aCarderera, Mariano,
_d1816-1893
_935158
711 2 _aCongreso Internacional de Ferrocarriles (
_d1900.
_cParis)
_9153087
711 2 _aCongreso Internacional de Electricidad (
_n2º.
_d1900.
_cParis)
_9153088
711 2 _aCongreso internacional de Tranvias (
_n3º.
_d1900.
_cParis)
_9153089
830 0 _aBiblioteca de la "Revista de obras públicas"
_9184469
852 _aES-MaACL
_jA-295
999 _c59074
_d59074